Coworkingové centrá ako spôsob motivácie k podnikaniu

Vybrané problémy podnikania mladých ľudí do 29 rokov. Fungovanie coworkingových centier. Výhody a nevýhody týchto centier. Prípadová štúdia firmy 4 fruit.

Na minha lista:
Detalhes bibliográficos
Autor principal: Bartoš, Adam
Formato: Capítulo de Livro
Idioma:eslovaco
Assuntos:
Tags: Adicionar Tag
Sem tags, seja o primeiro a adicionar uma tag!

MARC

LEADER 00000naa$a2200000$$$4500
001 0209408
005 20240502073459.1
041 0 |a slo 
044 |a SK 
245 1 0 |a Coworkingové centrá ako spôsob motivácie k podnikaniu  |c Adam Bartoš 
520 |a Vybrané problémy podnikania mladých ľudí do 29 rokov. Fungovanie coworkingových centier. Výhody a nevýhody týchto centier. Prípadová štúdia firmy 4 fruit. 
610 2 0 |a podnikanie 
610 2 0 |a podnikatelia 
610 2 0 |a prostredie podnikateľské 
610 2 0 |a kancelárie 
610 2 0 |a motivácia 
610 2 0 |a nezamestnanosť 
610 2 0 |a štúdie prípadové 
610 2 0 |a coworking 
100 1 |a Bartoš, Adam